Fundamentals of molecular spectroscopy (Record no. 46165)

MARC details
000 -LEADER
fixed length control field 00619nam a2200181Ia 4500
008 - FIXED-LENGTH DATA ELEMENTS--GENERAL INFORMATION
fixed length control field 210329s9999||||xx |||||||||||||| ||und||
020 ## - INTERNATIONAL STANDARD BOOK NUMBER
International Standard Book Number 0-07-462025-8
040 ## - CATALOGING SOURCE
Transcribing agency STCPL
082 ## - DEWEY DECIMAL CLASSIFICATION NUMBER
Classification number 539.602 8
Item number BAN-F
100 ## - MAIN ENTRY--PERSONAL NAME
Personal name Mccash ELAINE M.
245 #0 - TITLE STATEMENT
Title Fundamentals of molecular spectroscopy
250 ## - EDITION STATEMENT
Edition statement 4th ed.
260 ## - PUBLICATION, DISTRIBUTION, ETC.
Place of publication, distribution, etc. New Delhi
Name of publisher, distributor, etc. Tata M C Graw-Hill Co
Date of publication, distribution, etc. 1997
300 ## - PHYSICAL DESCRIPTION
Extent 22 CM, 308 P
650 ## - SUBJECT ADDED ENTRY--TOPICAL TERM
Topical term or geographic name entry element Modern PhysicsTechniques, Procedures, Apparatus, Equipment, MaterialsUNDERSTANDING CHANGE, PLANNING CHANGE, IMPLEMENTING CHANGE, CONSOLIDATING CHANGE, INDEX, ACKNOWLEDGMENTS
942 ## - ADDED ENTRY ELEMENTS (KOHA)
Koha item type Books
041 ## - LANGUAGE CODE
Language code of original English
Holdings
Withdrawn status Lost status Damaged status Not for loan Home library Current library Shelving location Date acquired Cost, normal purchase price Total Checkouts Full call number Barcode Date last seen Price effective from Koha item type
        ST. THOMAS COLLEGE LIBRARY, PALAI ST. THOMAS COLLEGE LIBRARY, PALAI   2021-07-10 120.00   539.602 8 BAN-F 59634 2021-07-10 2021-07-10 Books
Rights reserved ©2021 ST. THOMAS COLLEGE LIBRARY
A joint venture of - St. Thomas College Library and
Department of Computer Science, St. Thomas Collge Palai